[Event "Nepomuk-B"]
[Site "Nepomuk"]
[Date "2022.09.08"]
[Round "6"]
[White "Flajsman, Petr"]
[Black "Skopkova, Marcela"]
[Result "1-0"]
[WhiteElo "1841"]
[BlackElo "1299"]
[PlyCount "43"]
[EventDate "2022.09.03"]
[EventType "tourn"]
[EventRounds "7"]
[EventCountry "CZE"]
[SourceTitle "EXT 2023"]
[Source "ChessBase"]
[SourceDate "2022.10.05"]
[SourceVersion "1"]
[SourceVersionDate "2022.10.05"]
[SourceQuality "1"]

1. d4 d5 2. Nf3 e6 3. Bf4 Nf6 4. e3 a6 5. Nbd2 c5 6. c3 c4 7. b3 cxb3 8. axb3 Be7 9. Bd3 h6 10. Qc2 Nc6 11. 0-0 Bd7 12. h3 Nh5 13. Bh2 0-0 14. Ne5 Be8 15. g4 Nf6 16. f4 Nxe5 17. fxe5 Nd7 18. Rf3 f6 19. Raf1 fxe5 20. Rxf8+ Bxf8 21. Bxe5 Nxe5 22. Bh7+ 1-0

[Event "Klatovy op-B 24th"]
[Site "Klatovy"]
[Date "2018.07.06"]
[Round "7"]
[White "Pucholt, Martin"]
[Black "Skopkova, Marcela"]
[Result "1-0"]
[WhiteElo "1570"]
[BlackElo "1245"]
[PlyCount "97"]
[EventDate "2018.06.30"]
[EventType "swiss"]
[EventRounds "9"]
[EventCountry "CZE"]
[SourceTitle "EXT 2019"]
[Source "ChessBase"]
[SourceDate "2018.10.10"]
[SourceVersion "1"]
[SourceVersionDate "2018.10.10"]
[SourceQuality "1"]

1. e4 d5 2. exd5 Qxd5 3. Nc3 Qd8 4. g3 e6 5. Bg2 Nf6 6. Nf3 Bb4 7. 0-0 Bd7 8. Ne5 c6 9. Re1 0-0 10. a3 Bxc3 11. bxc3 Bc8 12. Rb1 Nbd7 13. d4 Qa5 14. Rb3 Qc7 15. Bf4 Qd8 16. c4 a6 17. h4 Nxe5 18. Bxe5 Qe7 19. c3 Nd7 20. Bf4 Ra7 21. c5 Nf6 22. Bd6 Qd8 23. Bxf8 Kxf8 24. c4 g6 25. Rd3 h5 26. Qd2 Kg7 27. d5 cxd5 28. cxd5 exd5 29. Bxd5 Bf5 30. Rd4 Qc7 31. Rc1 b5 32. c6 Qe7 33. Bg2 Rc7 34. Qb2 Kh7 35. a4 Ng4 36. Qd2 bxa4 37. Rxa4 Bc8 38. Ra5 Qe6 39. Qd3 Re7 40. Rxh5+ Kg7 41. Rhc5 Qa2 42. Qd4+ f6 43. R5c2 Qe6 44. Bh3 Ne5 45. Bxe6 Nf3+ 46. Kg2 Nxd4 47. Bxc8 Nxc2 48. Rxc2 Rc7 49. Bxa6 1-0

[Event "Klatovy op-B 24th"]
[Site "Klatovy"]
[Date "2018.07.01"]
[Round "2"]
[White "Skopkova, Marcela"]
[Black "Kovar, Vaclav1"]
[Result "0-1"]
[WhiteElo "1245"]
[BlackElo "1688"]
[PlyCount "48"]
[EventDate "2018.06.30"]
[EventType "swiss"]
[EventRounds "9"]
[EventCountry "CZE"]
[SourceTitle "CBM 185 Extra"]
[Source "ChessBase"]
[SourceDate "2018.07.29"]
[SourceVersion "1"]
[SourceVersionDate "2018.07.29"]
[SourceQuality "1"]

1. d4 d5 2. Nf3 Nf6 3. Bg5 e6 4. Nbd2 c5 5. e3 a6 6. c4 dxc4 7. Bxc4 cxd4 8. Nxd4 Be7 9. Qb3 0-0 10. 0-0 b5 11. Be2 Bb7 12. Rfd1 Nbd7 13. Bf3 Nc5 14. Qc2 Bxf3 15. N2xf3 Qb6 16. Nb3 Rac8 17. Nxc5 Rxc5 18. Qe2 Rfc8 19. b3 h6 20. Bf4 Ne4 21. Ne1 Nc3 22. Qg4 Bf6 23. Rd6 Qb7 24. Kh1 Ne4 0-1

[Event "Klatovy op-B 22nd"]
[Site "Klatovy"]
[Date "2016.07.09"]
[Round "8"]
[White "Kotal, Vit"]
[Black "Skopkova, Marcela"]
[Result "1-0"]
[WhiteElo "1292"]
[BlackElo "1166"]
[PlyCount "49"]
[EventDate "2016.07.02"]
[EventType "swiss"]
[EventRounds "9"]
[EventCountry "CZE"]
[SourceTitle "EXT 2019"]
[Source "ChessBase"]
[SourceDate "2018.10.10"]
[SourceVersion "1"]
[SourceVersionDate "2018.10.10"]
[SourceQuality "1"]

1. e4 e6 2. d4 c6 3. Bd3 b5 4. a3 a6 5. Nf3 h6 6. Nbd2 d5 7. e5 c5 8. c3 c4 9. Bc2 Nc6 10. Nf1 Qb6 11. Bd2 a5 12. Ng3 Bb7 13. 0-0 Nge7 14. Re1 Nc8 15. Kh1 b4 16. Ng1 b3 17. Bb1 a4 18. f4 Be7 19. f5 Bh4 20. fxe6 Bxg3 21. exf7+ Ke7 22. hxg3 Rf8 23. e6 Nd6 24. Qg4 g5 25. Bxg5+ 1-0

[Event "Klatovy op-B 22nd"]
[Site "Klatovy"]
[Date "2016.07.04"]
[Round "3"]
[White "Skopkova, Marcela"]
[Black "Skalicky, Jindrich"]
[Result "1/2-1/2"]
[WhiteElo "1166"]
[BlackElo "1311"]
[PlyCount "83"]
[EventDate "2016.07.02"]
[EventType "swiss"]
[EventRounds "9"]
[EventCountry "CZE"]
[SourceTitle "EXT 2019"]
[Source "ChessBase"]
[SourceDate "2018.10.10"]
[SourceVersion "1"]
[SourceVersionDate "2018.10.10"]
[SourceQuality "1"]

1. d4 d5 2. e3 Nf6 3. Nf3 e6 4. Be2 c5 5. c3 Be7 6. a3 0-0 7. dxc5 Bxc5 8. b4 Bb6 9. Bb2 Qe7 10. c4 dxc4 11. Bxc4 Rd8 12. Qc2 a6 13. 0-0 Nc6 14. Nc3 Nd5 15. Rad1 Nxc3 16. Qxc3 f6 17. Bd3 Bd7 18. Qc2 f5 19. Rd2 Rac8 20. Qb1 Be8 21. Rfd1 Bh5 22. Be2 Rxd2 23. Rxd2 Rd8 24. Rxd8+ Qxd8 25. Qc2 Qc7 26. Ng5 Bxe2 27. Qxe2 Qe7 28. Nf3 g5 29. Qc4 g4 30. Ne5 Nxe5 31. Bxe5 Qd7 32. Bd4 Bxd4 33. Qxd4 Qxd4 34. exd4 Kf7 35. Kf1 Ke7 36. Ke2 Kd6 37. Kd3 Kd5 38. f4 gxf3 39. gxf3 b6 40. f4 h5 41. h4 Kd6 42. Ke3 1/2-1/2